Eloquent Javascript/ (Record no. 35718)

MARC details
000 -LEADER
fixed length control field 00513nam a22001817a 4500
005 - DATE AND TIME OF LATEST TRANSACTION
control field 20240508103936.0
008 - FIXED-LENGTH DATA ELEMENTS--GENERAL INFORMATION
fixed length control field 240508b |||||||| |||| 00| 0 eng d
020 ## - INTERNATIONAL STANDARD BOOK NUMBER
ISBN 978-1-59327-282-1
082 ## - DEWEY DECIMAL CLASSIFICATION NUMBER
Classification number 005.133
Item number HAV-E
100 ## - MAIN ENTRY--AUTHOR
Author Name Haverbeke;Marijn
245 ## - TITLE STATEMENT
Title Eloquent Javascript/
Statement of responsibility, etc. Marijn Haverbeke
250 ## - EDITION STATEMENT
Edition statement 3rd ed.
260 ## - PUBLICATION, DISTRIBUTION, ETC.
Place of Publication USA;
Name of publisher, distributor, etc. no starch press;
Date of publication, distribution, etc. 2018
300 ## - PHYSICAL DESCRIPTION
Pages x, 435 p.:
500 ## - GENERAL NOTE
General note Include index.
650 ## - SUBJECT ADDED ENTRY--TOPICAL TERM
Subject / Department Computer Science/Computer Programming language
300 ## - PHYSICAL DESCRIPTION
-- ill;
-- 24 cm.
952 ## - LOCATION AND ITEM INFORMATION (KOHA)
-- 0
-- 0
Holdings
Lost status Damaged status Collection code Permanent Location Current Location Date acquired Full Call Number Accession No./Barcode Date last seen item type Koha item type
    CS/IT Superior Information Resource Center (SIRC) Superior University - City Campus Superior Information Resource Center (SIRC) Superior University - City Campus 05/08/2024 005.133 HAV-E 2018 20600 05/08/2024 BOOK BOOK

Powered by Koha